Železnodorožnyj transport v Slovakii: problemy bezopasnosti i ekologii

Bezpečnosť dopravy. Doprava a životné prostredie. Problémy v osobnej železničnej doprave. Ciele v železničnej doprave. Kombinovaná preprava.

Salvato in:
Dettagli Bibliografici
Autore principale: Gonda, Vladimír
Natura: Capitolo di libro
Lingua:russo
Soggetti:
Tags: Aggiungi Tag
Nessun Tag, puoi essere il primo ad aggiungerne!!

MARC

LEADER 00000naa$a2200000$$$4500
001 0207496
005 20240502083519.2
041 0 |a rus 
044 |a RU 
245 1 0 |a Železnodorožnyj transport v Slovakii: problemy bezopasnosti i ekologii  |c Vladimír Gonda 
520 |a Bezpečnosť dopravy. Doprava a životné prostredie. Problémy v osobnej železničnej doprave. Ciele v železničnej doprave. Kombinovaná preprava. 
610 2 0 |a doprava železničná 
610 2 0 |a doprava železničná osobná 
610 2 0 |a doprava cestná 
610 2 0 |a doprava letecká 
610 2 0 |a doprava kombinovaná 
610 2 0 |a bezpečnosť dopravy 
610 2 0 |a ekológia 
610 2 0 |a Slovensko 
100 1 |a Gonda, Vladimír